BIBLIOTECA PODER JUDICIAL
Portal Judicial TDF

Caducidad o perención de instancia / (Registro nro. 1302)

000 -LEADER
fixed length control field 01326nam a22002177a 4500
003 - CONTROL NUMBER IDENTIFIER
control field OSt
005 - DATE AND TIME OF LATEST TRANSACTION
control field 20180903071247.0
008 - FIXED-LENGTH DATA ELEMENTS--GENERAL INFORMATION
fixed length control field 180226b xxu||||| |||| 00| 0 spa d
020 ## - INTERNATIONAL STANDARD BOOK NUMBER
International Standard Book Number 9502005226
040 ## - CATALOGING SOURCE
Transcribing agency PJ
100 ## - ASIENTO PRINCIPAL - NOMBRE DE PERSONA
9 (RLIN) 1933
Personal name Falcón, Enrique Manuel
245 10 - MENCIÓN DE TÍTULO
Título propiamente dicho Caducidad o perención de instancia /
Mención de responsabilidad, etc Enrique M. Falcón.
260 ## - PUBLICATION, DISTRIBUTION, ETC. (IMPRINT)
Place of publication, distribution, etc Buenos Aires :
Name of publisher, distributor, etc Abeledo-Perrot,
Date of publication, distribution, etc 1989.
300 ## - DESCRIPCION FISICA
Extent 309 p.
Dimensions 23 cm.
504 ## - NOTA DE BIBLIOGRAFÍA, ETC.
Bibliography, etc Bibliografía: p. 279-281.
505 ## - FORMATTED CONTENTS NOTE
Formatted contents note Contenido:<br/>Introducción -- Casos y procesos con particularidades propias -- Los plazos en la caducidad de instancia -- El cómputo del plazo en la caducidad -- Interrupción y suspensión del plazo de caducidad de instancia -- Suspensión del plazo de caducidad de instancia -- Legitimación activa y declaración de oficio de la caducidad de instancia. Convalidación -- Caducidad de la segunda instancia -- El incidente de caducidad de la instancia. Recursos. Efectos -- Efectos de la caducidad de la instancia. Responsabilidad y honorarios de los letrados -- El código procesal civil y comercial nacional y los antecedentes. Los códigos extranjeros y los provinciales.
650 #0 - ASIENTO SECUNDARIO DE MATERIA - TERMINO TEMATICO
9 (RLIN) 1148
Topical term or geographic name as entry element DERECHO PROCESAL CIVIL
650 #0 - ASIENTO SECUNDARIO DE MATERIA - TERMINO TEMATICO
9 (RLIN) 1934
Topical term or geographic name as entry element TERMINACION DEL PROCESO
650 #0 - ASIENTO SECUNDARIO DE MATERIA - TERMINO TEMATICO
9 (RLIN) 1935
Topical term or geographic name as entry element CADUCIDAD DE INSTANCIA
942 ## - ADDED ENTRY ELEMENTS (KOHA)
Source of classification or shelving scheme
Koha item type Libros
Classification part 347.933
Item part FAL
Existencias
Withdrawn status Lost status Source of classification or shelving scheme Damaged status Not for loan Permanent Location Current Location Date acquired Total Checkouts Total Renewals Full call number Barcode Date last seen Date checked out Price effective from Koha item type
          Biblioteca Poder Judicial Sur Biblioteca Poder Judicial Sur 2018-08-31 1 1 347.933 FAL 0479 2019-07-10 2019-03-26 2018-08-31 Libros

12 de Octubre 789 Ushuaia - Tel:  54(02901)441571
Horario de Atención: 8.00 a 17.00 hs. 
bibliotecaush@justierradelfuego.gov.ar
koha@justierradelfuego.gov.ar
Seguinos en nuestras redes @bibliojustdf 

Con tecnología Koha